Nimeä maailman pääkaupunki A-Z - Statistics

Yleistilastot
  • Tätä visaa on pelattu 3 165 kertaa
  • Keskiarvotulos 16 / 24
Vastaustilastot
Kirjain Pääkaupunki % Oikein
B Berliini | Bryssel | Budapest | +21
96%
H Helsinki | Havanna | Hanoi | Harare | Honiara
96%
T Tukholma | Tallinna | Tokio | +9
94%
A Ateena | Amsterdam | Ankara | +12
91%
M Moskova | Madrid | Monaco | +16
91%
O Oslo | Ottawa | Ouagadougou
90%
L Lontoo | Lissabon | Luxemburg | +7
88%
P Pariisi | Peking | Praha | +15
86%
R Rooma | Reykjavik | Riika | Riad | Rabat | Roseau
86%
K Kööpenhamina | Kairo | Kiova | +10
85%
W Washington DC | Wien | Wellington | Windhoek
83%
V Vatikaani | Vilna | Varsova | +4
81%
S Sofia | San Marino | Soul | +14
73%
D Dublin | Djibouti | Damaskos | +6
71%
C Canberra | Chisinau | Caracas | +4
62%
J Jerusalem | Jakarta | Jerevan | Juba
56%
N New Delhi | Nairobi | Nikosia | +8
54%
Z Zagreb
33%
Q Quito
29%
U Ulaanbaatar
26%
G Georgetown | Gitega | Gaborone
25%
I Islamabad
25%
F Freetown | Funafuti
23%
Y Yaoundé | Yamoussoukro | Yaren
18%
Ehtoja vastaavia visoja ei löytynyt
Tulosjakauma
Jokaisen tuloksen saaneiden osuus
Persentiili vastausten määrän mukaan
Tuloshistoriasi
Et ole pelannut tätä visaa